00309nam a22001097a 4500020001800000082000800018100001300026245006100039260004600100300002100146880003200167 a9787547036211 a951 aYu, Dafu aThe Travel notes of Yu Dafu (Chinese Edition) /cDafu Yu aChina :bVolumes Publishing House,c2015. a197 p. ;c22 cm. 6245-02\ra于大富游记 /